000 00636nam a2200205Ia 4500
001 21433
003 GE_BSU
008 181216s||||||||xx |||||||||||||| ||und||
040 _cGE_BSU
080 _aპერიოდიკა
245 _aИнновации в образовании, №9 Сентябрь 2017.
245 _cГл.ред.И.В. Сыромятников
260 _aМосква
260 _c2017
300 _a141 стр. 25см.
653 _aИнновации в образовании, №9 Сентябрь 2017.
653 _aПериодика
653 _aპერიოდიკა
942 _cCR
999 _c54377
_d54377